Văn xuôi lãng mạn Việt Nam (1930 -1945)
সংরক্ষণ করুন:
| বিন্যাস: | গ্রন্থ |
|---|---|
| ভাষা: | Undetermined |
| প্রকাশিত: |
Hà Nội
Khoa học - Xã hội
1994
|
| বিষয়গুলি: | |
| ট্যাগগুলো: |
ট্যাগ যুক্ত করুন
কোনো ট্যাগ নেই, প্রথমজন হিসাবে ট্যাগ করুন!
|
| Thư viện lưu trữ: | Trung tâm Học liệu Trường Đại học Cần Thơ |
|---|
| LEADER | 00642nam a2200193Ia 4500 | ||
|---|---|---|---|
| 001 | CTU_101 | ||
| 008 | 210402s9999 xx 000 0 und d | ||
| 082 | |a 895.922332 | ||
| 082 | |b V115/T.4 | ||
| 245 | 0 | |a Văn xuôi lãng mạn Việt Nam | |
| 245 | 0 | |b (1930 -1945) | |
| 245 | 0 | |c Khái Hưng ; Sưu tầm và biên soạn: Nguyễn Hoành Khung [et.al] | |
| 260 | |a Hà Nội | ||
| 260 | |b Khoa học - Xã hội | ||
| 260 | |c 1994 | ||
| 650 | |a Vietnamese fiction,Văn học Việt Nam | ||
| 650 | |y 20th century,Thế kỷ 20 | ||
| 904 | |i Huỳnh Mai | ||
| 980 | |a Trung tâm Học liệu Trường Đại học Cần Thơ | ||